000 00252nam a2200097Ia 4500
005 20251222114352.0
008 251222s1900||||xx |||||||||||||| ||spa||
082 _aDVD192.2/U61/2006
245 0 _aEspectros de Derrida: Seminario internacional:
942 _cDVD
999 _c1284
_d1284